Statistics for Animation vs Minecraft Characters

Click here to take the quiz!

General Stats

  • This quiz has been taken 17 times
  • The average score is 10 of 15

Answer Stats

HintAnswer% Correct
Blue
100%
Green
100%
King Orange
100%
Purple
100%
Red
100%
ColoursThe Second Coming
100%
Yellow
90%
Enderman
60%
Reuben the Pig
60%
Main MobsSpider
60%
Gold
50%
Skeleton
50%
Warden
40%
Ender Dragon
10%
Titan Ravager
10%

Score Distribution

Percentile by Number Answered

Percent of People with Each Score

Your Score History

You have not taken this quiz